000 01140nam a2200349Ia 4500
001 Para_7392
003 CHAP
008 220125s1937 xx 000 0 und d
010 _a206319
040 _cCHAP
082 _aPA-C 632 B85
245 _aThe composition of some commercial insecticides fungicides, bactericides, rodenticides and weed killers
260 _aWalling Ford, Connecticut :
_b Connecticut Agricultural Experiment Station
300 _app. 516-750
440 _aBulletin ; 398
_9172616
500 _aEnc. con impresos similares
650 _aBactericidas
_x análisis
_9172617
650 _aFitopatología
_x colecciones de escritos
_9172523
650 _aFungicidas
_x análisis
_944045
650 _aInsecticidas
_x análisis
_958856
650 _aMalas hierbas
_x control
_970011
650 _aRodenticidas
_x análisis
_9172618
700 _aBarley, E. M.
_9172619
700 _aFisher, H. J.
_941093
901 _aPA-C 632 B85
902 _aA
905 _a0000001937 0000000000 00
910 _a1937
942 _cPARA
942 _cPARA
_d1
999 _c206319
_d206319